High temperature strain of metals and alloys : physical fundamentals /

Bibliographic Details
Main Author: Levitin, Valim
Format: Book
Language:English
Published: Weinheim ; Chichester : Wiley-VCH, 2006.
Subjects:

MARC

Tag First Indicator Second Indicator Subfields
LEADER 00000cam a2200000 a 4500
001 in00002104403
005 20151103050812.0
008 050708s2006 gw a b 001 0 eng
015 |a GBA580343  |2 bnb 
016 7 |a 013297468  |2 Uk 
020 |a 3527313389 
024 3 |a 9783527313389 
035 |a (OCoLC)ocm62890145 
040 |a UKM  |b eng  |c UKM  |d TXH  |d BAKER  |d TXA  |d UtOrBLW 
042 |a ukblsr 
049 |a TXAM 
082 0 4 |a 620.1617  |2 22 
090 |a TA460  |b .L48 2006 
100 1 |a Levitin, Valim. 
245 1 0 |a High temperature strain of metals and alloys :  |b physical fundamentals /  |c Valim Levitin. 
264 1 |a Weinheim ;  |a Chichester :  |b Wiley-VCH,  |c 2006. 
300 |a vii, 171 pages :  |b illustrations ;  |c 25 cm. 
336 |a text  |b txt  |2 rdacontent 
337 |a unmediated  |b n  |2 rdamedia 
338 |a volume  |b nc  |2 rdacarrier 
504 |a Includes bibliographical references and index. 
650 0 |a Metals  |x Effect of high temperatures on. 
650 0 |a Alloys  |x Thermal properties. 
948 |a cataloged  |b h  |c 2006/3/17  |d c  |e jgreene  |f 1:15:01 pm 
994 |a C0  |b TXA 
944 |a stk  |h REPL<3480555>REP-LATEST<>REF<SaTucker>  |m Replacement on order 
999 |a MARS 
999 f f |s d5efb8f9-f36a-34be-ad1b-69c8a62d4380  |i 3fa7a2b1-3fe2-3926-b80a-106d1f476084  |t 0 
952 f f |p ric  |a Texas A&M University  |b Rellis Campus  |c Joint Library Facility  |d Remote Storage  |t 0  |e TA460 .L48 2006  |h Library of Congress classification  |i unmediated -- volume  |m A14834841435 
998 f f |a TA460 .L48 2006  |t 0  |l Remote Storage